Elektrická měření. Díl 1, Nulové methody /

Hlavní autor: Bláha, Aleš, 1906-1986
Korporativní autor: Vysoká škola technická Dr. E. Beneše. Donátův fond
Jazyk: Čeština
Vydáno: Brno : Vědecko-technická nakladatelství, 1949
Edice: Spisy Vysoké školy Dra Edvarda Beneše v Brně
Fyzický popis: 76, [2] s. : 21 tb. ; 4°
Knihy
Uloženo v:
LEADER 01096nam a22002772a 4500
001 000959991
003 CZ BrMZK
005 20091008125354.0
007 ta
008 090811s1949 xr er|||||||||||cze d
015 |a cnb000676966 
035 |a (OCoLC)85436464 
040 |a ABA001  |b cze  |c BOA001  |d ABA001 
100 1 |a Bláha, Aleš,  |d 1906-1986  |7 jk01012179  |4 aut 
245 1 0 |a Elektrická měření.  |n Díl 1,  |p Nulové methody /  |c Aleš Bláha ; vyobr. kr. Jan Speciálný 
246 3 0 |a Nulové methody 
260 |a Brno :  |b Vědecko-technická nakladatelství,  |c 1949 
300 |a 76, [2] s. :  |b 21 tb. ;  |c 4° 
490 1 |a Spisy Vysoké školy Dra Edvarda Beneše v Brně ;  |v č. 184 
550 |a Vydavatel: Donátův fond při Vys. šk. techn. Dr. Edvarda Beneše v Brně 
710 2 |a Vysoká škola technická Dr. E. Beneše.  |b Donátův fond  |7 kn20010709411 
830 0 |a Spisy Vysoké školy Dra Edvarda Beneše v Brně 
910 |a BOA001  |b TK-A-0033.564 
990 |a BK 
991 |b 200908 
996 7 |b 2629952218  |c TK-A-0033.564  |l MZK  |r Sklad / do 24 hodin  |n 2  |w 001092966  |u 000010  |a 1  |e BOA001  |j MZK50  |s A